000 00838nam a2200217 i 4500
001 114467
003 ES-MaACL
005 20230906190150.0
007 t|
008 070302s1950 sp ||||1| spa d
100 1 _aPérez de Barradas, José.
_990766
245 1 4 _aLos muiscas antes de la conquista.
_n, . Volumen 1,
_pIntroducción general, propedéutica, economía /
_cpor José Pérez de Barradas.
260 _aMadrid :
_bConsejo Superior de Investigaciones Científicas, Instituto Bernardino de Sahagún,
_c1950.
300 _a428 p. :
_bil. ;
_c24 cm.
490 1 _aPueblos indígenas de la Gran Colombia ;
_v1
650 1 4 _aIndios de Colombia-
_xHistoria.
_913689
650 1 4 _aChibchas.
_910915
830 0 _aPueblos indígenas de la Gran Colombia ;
_v1
_9233244
852 _aES-MaACL
_jP-1001
999 _c114467
_d114467